Galway Hurling Scorers 2023 - Statistics

General Stats
  • This quiz has been taken 16 times
  • The average score is 12 of 22
Answer Stats
N Player G P Total % Correct
7 Conor Cooney 0 10 10
93%
2 Conor Whelan 7 18 39
86%
11 Daithi Burke 1 4 7
86%
7 Joseph Cooney 0 10 10
86%
6 Cathal Mannion 1 8 11
79%
1 Evan Niland 0 77 77
79%
17 Fintan Burke 0 1 1
79%
4 Kevin Cooney 2 13 19
79%
13 Padraic Mannion 0 4 4
71%
12 Jason Flynn 1 2 5
64%
3 Brian Concannon 2 16 22
57%
5 Tom Monaghan 1 9 12
57%
13 Cianan Fahy 0 4 4
50%
7 Declan McLoughlin 1 7 10
43%
17 Eanna Murphy 0 1 1
43%
13 Ronan Glennon 0 4 4
36%
17 J Ryan 0 1 1
29%
10 Liam Collins 1 6 9
29%
17 S Linnane 0 1 1
14%
17 Adrian Tuohey 0 1 1
7%
17 M McManus 0 1 1
7%
16 T.J Brennan 0 2 2
7%
No matching quizzes found
Score Distribution
Percent of People with Each Score
Percentile by Number Answered
Your Score History
You have not taken this quiz